<?xml version="1.0" encoding="UTF-8"?>
<record
    xmlns:xsi="http://www.w3.org/2001/XMLSchema-instance"
    xsi:schemaLocation="http://www.loc.gov/MARC21/slim http://www.loc.gov/standards/marcxml/schema/MARC21slim.xsd"
    xmlns="http://www.loc.gov/MARC21/slim">

  <leader>01467naa a2200253 i 4500</leader>
  <controlfield tag="001">BPP</controlfield>
  <controlfield tag="003">BPK</controlfield>
  <controlfield tag="005">20180216161353.0</controlfield>
  <controlfield tag="008">151125s2005    pl     f     |100 0 pol</controlfield>
  <datafield tag="040" ind1=" " ind2=" ">
    <subfield code="c">BPK</subfield>
  </datafield>
  <datafield tag="080" ind1=" " ind2=" ">
    <subfield code="a">621.3.037.37</subfield>
  </datafield>
  <datafield tag="100" ind1=" " ind2=" ">
    <subfield code="a">WIRSKI, Robert.</subfield>
    <subfield code="d">1996 - .</subfield>
    <subfield code="b">Politechnika Koszali&#x144;ska - Wydzia&#x142; Elektroniki,</subfield>
    <subfield code="c">Katedra System&#xF3;w Cyfrowego Przetwarzania Sygna&#x142;&#xF3;w</subfield>
  </datafield>
  <datafield tag="245" ind1=" " ind2=" ">
    <subfield code="a">Szybkie prototypowanie filtr&#xF3;w cyfrowych za pomoc&#x105; procesora sygna&#x142;owego /</subfield>
    <subfield code="c">Robert Wirski.</subfield>
  </datafield>
  <datafield tag="260" ind1=" " ind2=" ">
    <subfield code="c">2005.</subfield>
  </datafield>
  <datafield tag="500" ind1=" " ind2=" ">
    <subfield code="a">Dane z autopsji.</subfield>
  </datafield>
  <datafield tag="520" ind1=" " ind2=" ">
    <subfield code="a">W pracy przedstawiono technik&#x119; szybkiego prototypowania filtr&#xF3;w cyfrowych. Proces syntezy i symulacji wykonuje si&#x119; wykorzystuj&#x105;c oprogramowanie dost&#x119;pne bezp&#x142;atnie. Otrzyman&#x105; transmitacj&#x119; realizuje si&#x119; za pomoc&#x105; p&#x142;yty uruchomieniowej procesora sygna&#x142;owego ADSP-21262 EZ-KIT LITE oraz do&#x142;&#x105;czonego do niej oprogramowania. Przebieg ca&#x142;ego procesu zaprezentowano na przyk&#x142;adzie dolnoprzepustowego cyfrowego filtru eliptycznego czwartego rz&#x119;du.</subfield>
  </datafield>
  <datafield tag="590" ind1=" " ind2=" ">
    <subfield code="a">artyku&#x142;</subfield>
  </datafield>
  <datafield tag="650" ind1=" " ind2="0">
    <subfield code="a">Konwersja danych.</subfield>
  </datafield>
  <datafield tag="650" ind1=" " ind2="0">
    <subfield code="a">Procesor sygna&#x142;owy.</subfield>
  </datafield>
  <datafield tag="655" ind1=" " ind2="0">
    <subfield code="a">Materia&#x142;y konferencyjne.</subfield>
  </datafield>
  <datafield tag="773" ind1=" " ind2=" ">
    <subfield code="i">W :</subfield>
    <subfield code="t">Czwarta Krajowa Konferencja Elektroniki : materia&#x142;y konferencji. T. 1/2. -</subfield>
    <subfield code="d">Koszalin : Wyd. Uczelniane Politechniki Koszali&#x144;skiej, 2005. -</subfield>
    <subfield code="g">s. 201-206</subfield>
  </datafield>
  <datafield tag="711" ind1=" " ind2=" ">
    <subfield code="a">Krajowa Konferencja Elektroniki</subfield>
    <subfield code="n">(4 ;</subfield>
    <subfield code="d">2005 ;</subfield>
    <subfield code="c">Dar&#x142;owko Wschodnie, Polska).</subfield>
    <subfield code="p">KKE'2005</subfield>
  </datafield>
  <datafield tag="942" ind1=" " ind2=" ">
    <subfield code="c">ART</subfield>
    <subfield code="2">UKD</subfield>
  </datafield>
  <datafield tag="999" ind1=" " ind2=" ">
    <subfield code="c">3695</subfield>
    <subfield code="d">3695</subfield>
  </datafield>
  <datafield tag="952" ind1=" " ind2=" ">
    <subfield code="0">0</subfield>
    <subfield code="1">0</subfield>
    <subfield code="4">0</subfield>
    <subfield code="7">0</subfield>
    <subfield code="a">BPK</subfield>
    <subfield code="b">BPK</subfield>
    <subfield code="o">77968</subfield>
    <subfield code="y">ART</subfield>
  </datafield>
</record>
